000 00721nam a2200265Ia 4500
003 OSt
005 20221006160256.0
006 a|||||r|||| 00| 0
007 ta
008 221006b |||||||| |||| 00| 0 eng d
020 _a9788956055695
_cW28,000
024 _a44,792
037 _bgift, Window on Korea
_cTextual
040 _aEASL
_cEASL
_beng
041 _2eng
_aeng
082 _aM31.495, Q2
100 _aKim Kye
_9672750
245 0 _aSimply delicious
_b One course meals
260 _aSeoul
_bBook House Publicious
_c2012
300 _a160p.
_ccm.
490 _v KEL
650 _aKEL
942 _hM31.495, Q2
_cTEXL
_2CC
999 _c1112884
_d1112884